| 000 | 00389 a2200145 4500 | ||
|---|---|---|---|
| 001 | 82768 | ||
| 082 | _a297.122 HAS | ||
| 090 |
_c39986 _d39986 |
||
| 100 | _aHashemi Badr | ||
| 245 |
_aThe Quran; Treasure of the Faith of Islam _bTreasure of the Faith of Islam |
||
| 260 |
_aPakistan _bIsmaeel Jr Hashemi _c2009 |
||
| 300 | _axvii, 308P. | ||
| 490 | _vVol 1&2 | ||
| 500 | _aGeneral Book | ||
| 942 |
_aCAENUST _k297.122 HAS |
||
| 999 |
_c317841 _d317841 |
||